[Event "Canadian Zonal 2024"]
[Site "?"]
[Date "2024.03.28"]
[Round "2"]
[White "Dukic, Zachary"]
[Black "Rodrigue-Lemieux, Shawn"]
[Result "0-1"]
[WhiteElo "2266"]
[BlackElo "2506"]
[Annotator "Shawn Rodrigue-Lemieux"]
[PlyCount "100"]
[EventDate "2024.05.08"]
[SourceTitle "Chess Canada '24.08"]
[Source "CFC/John Upper"]
[SourceDate "2024.08.27"]
[SourceVersion "1"]
[SourceVersionDate "2024.08.21"]
[SourceQuality "1"]

{[%mdl 32768][%evp 0,100,14,30,58,60,47,25,62,46,30,34,64,35,35,11,59,67,53,15,
40,30,24,41,102,79,104,86,86,86,102,79,92,60,75,71,74,60,60,48,76,69,57,52,38,
53,32,31,23,1,4,-3,25,-24,-9,-20,-19,-18,-18,-65,-73,-70,-75,-85,-71,-149,-47,
-44,-38,-44,-32,-35,-40,-43,-15,-23,-24,-32,-28,-42,-45,-43,-45,-40,-48,-49,
-49,-58,-40,-52,-41,-45,-4,-58,-11,-67,0,-98,-104,-171,-166,-667,-675] Playing
against such a dynamic and well-prepared player is never easy! Zachary is
extremely strong in openings, and I always want to stay away from theory
against him. It's quite difficult to do with the Black pieces!} 1. e4 c6 2. Nc3
d5 3. Nf3 Bg4 4. h3 Bxf3 5. Qxf3 Nf6 6. Be2 e6 7. O-O Bc5 8. Rd1 Bd4 {[#]} 9.
Qf4 {I had seen this line before, but I completely forgot about the existence
of this move when I chose to play this variation over the board!} ({I thought
his intention was to play} 9. exd5 cxd5 10. Nb5 Bb6 11. d4 Nc6 12. Qa3 {
with an interesting position.}) 9... e5 {Inferior, but at least it gets the
opponent out of preparation.} ({I was aware of the main line with} 9... Bxc3
10. bxc3 Nxe4 11. Ba3 Nd7 {but I knew that it was extremely dangerous and that
my opponent would be totally ready for this, with many more moves of
preparation. After the game, he showed me his preparation in this line, and it
was a good decision to avoid going into it!}) 10. Qg3 O-O 11. d3 Bxc3 12. bxc3
Nbd7 {[#] Black's position is clearly objectively bad, mainly due to the
Bishop pair and the lack of activity. However, I thought that it was quite
playable, and that I could potentially get a good position if White didn't
play accurately.} 13. Bh6 Ne8 14. exd5 cxd5 15. Bf3 {[#] White needs to play
actively to maintain the advantage, and they are doing exactly that.} Qc7 16.
Rab1 (16. Bxd5 {loses a piece to} Qd6) 16... Nb6 17. c4 $5 {A blunder, which
turned out to be the best move!} dxc4 {[#]} 18. Bd2 $1 {Realizing that he
couldn't play dxc4, he found a new idea which is still very strong for White.
Despite being down a pawn, White's activity is overwhelming.} (18. dxc4 $4 {
was my opponent's initial intention, but this gives Black the advantage after}
e4 $1 19. Bf4 (19. Qxc7 $4 Nxc7 20. Bf4 Ne6 $19 {and both Bishops are hanging.}
) 19... Qxc4 20. Bh5 Nf6 {with a small edge.}) 18... c3 19. Be1 $2 {Keeping
the pressure on c3, but putting the Bishop on a passive square.} (19. Bc1 $1 {
would've been extremely strong, since the Bishop will exert pressure from a3.}
Nf6 20. d4 {is now powerful.}) 19... Rb8 $6 (19... Rd8 20. Rb3 Nd5 21. d4 exd4
22. Qxc7 Nexc7 23. Rxd4 b6 24. Rb1 {can be quite unpleasant for Black, as the
Bishop pair will shine in the open position.}) 20. Rb3 Na4 21. Rdb1 b6 {[#]}
22. Qh4 $6 ({The mysterious} 22. Rb5 $1 f6 23. Rd5 {was the engine's best
suggestion to maintain a strong advantage, but it's safe to say that neither
one of us considered it!}) 22... Nc5 23. Rxc3 Nd6 {[#] White was able to gain
the pawn back, but at what cost? Black's pieces are now activating quickly, as
the Knights are jumping on good squares. Meanwhile, White's pieces are now
inactive and somewhat uncoordinated.} 24. a4 Qd7 25. Ra3 Rfe8 26. Bd2 Ne6 {
Heading towards d4.} (26... Nf5 {I can try to bring this Knight to d4, but I
was afraid of} 27. Qg4 {with a potential Queen trade.}) 27. Re1 Nd4 28. Bd1
Rbc8 {[#] The position is now getting harder and harder to play, and White
keeps making backward moves.} 29. Rxe5 $6 {Sacrificing the exchange, hoping to
get more activity. With time getting lower for both sides, this decision is
hard to criticize.} (29. Ra2 {would've maintained stability.}) 29... Rxe5 30.
Qxd4 Qe7 31. Ra1 Qf6 32. Kh2 {[#]} Re6 $2 {The Queen trade gives White much
more stability. One of my plans going into this game was to enter an endgame
as much as possible, but I should've been more objective!} (32... Nf5 {
would've been very strong!} 33. Qb2 (33. Qf4 Rd5 34. Ra2 Rd4 35. Qf3 Rcd8 {
maintains a grip on White's position.}) 33... Nh4 34. f4 {is what I was
worried about in time pressure, but I simply panicked and decided to be safe.
This position was completely winning, with a move such as} Qc6) 33. Qxf6 Rxf6
34. Kg1 {[#] The Bishop pair and the central pawns are a very dangerous
combination, and Black has to be precise.} Nf5 35. c3 h6 36. Bb3 Ne7 37. Bc4
Nc6 38. Ba6 Rd8 39. Be3 Na5 40. Rb1 Rfd6 {[#] After shuffling a bit to reach
move 40, it was now time to relax and calculate. Unfortunately, calculating
made me realize that I have absolutely no advantage! My best chance was to
keep making normal moves and wait for him to get back in time pressure.} 41.
Kf1 Rc6 42. Bd2 Rc7 43. Ke2 Re7+ 44. Be3 f5 45. g3 Nb7 {[#]} 46. Rb4 (46. Bxb7
Rxb7 47. a5 b5 48. a6 Rc7 49. Rxb5 Rxc3 50. Bxa7 Ra3 51. Rxf5 Rxa6 52. Bc5 {
was another way to play, which would lead to a draw.}) 46... Kf7 47. h4 Kf6 {
[#]} 48. Kf3 $4 {Allowing Black to activate!} ({After a move like} 48. h5 {
White might be the one putting pressure on Black! The Bishop pair controls
everything, and Black lacks any pawn breaks.}) 48... Nc5 $1 49. Bb5 (49. Bxc5
bxc5 50. Rb1 Rd6 51. Bb5 Rde6 {will allow Black to infiltrate, and the Rooks
will prove to be too strong. White is now unable to generate any counterplay.})
49... Nxd3 50. Bd4+ {[#] When he played 48.Kf3, my opponent was relying on
this resource, thinking that he was winning a Knight.} Rxd4 $1 ({After I
played 48...Nc5, he realized that I could save the Knight with} 50... Ne5+ 51.
Kg2 Kg6 {and thought that he still had compensation, which is the correct
judgment. Unfortunately for him, Black had an even stronger option.}) (50...
Rxd4 {and White's King ends up in a mating net! Taking the Rook will lead to
checkmate after} 51. cxd4 Ne1+ 52. Kf4 g5+ 53. hxg5+ hxg5#) 0-1

[Event "Open de Gatineau"]
[Site "Gatineau"]
[Date "2024.05.24"]
[Round "1"]
[White "Han, Johnathan"]
[Black "Cova, Ramon J"]
[Result "1-0"]
[WhiteElo "2407"]
[BlackElo "1934"]
[Annotator "Johnathan Han"]
[PlyCount "101"]
[EventDate "2024.05.??"]
[EventType "swiss"]
[EventCountry "CAN"]
[SourceTitle "Chess Canada '24.08"]
[Source "CFC/John Upper"]
[SourceDate "2024.08.27"]
[SourceVersion "1"]
[SourceVersionDate "2024.08.21"]
[SourceQuality "1"]
[WhiteTeam "2407"]

{[%mdl 32768][%evp 0,101,21,29,40,67,62,43,43,36,44,42,70,25,17,17,17,27,21,21,
34,30,32,32,35,30,52,63,71,46,47,55,37,39,39,30,49,45,52,49,44,22,51,78,69,83,
81,81,82,102,105,87,110,93,129,95,94,101,101,106,102,101,93,13,99,90,73,73,77,
73,73,71,254,280,299,285,625,617,641,641,641,641,641,641,646,646,646,638,1904,
653,653,678,700,713,720,710,728,797,1375,1830,1870,2075,2019,2301]} 1. e4 Nf6
2. e5 Nd5 3. d4 d6 4. Nf3 Bg4 5. Be2 c6 {[#]} 6. h3 $2 {Pretty big mistake for
such a normal move. Before this game, I did not have much time to prepare as
it was the first round of the tournament and pairings usually come out very
late due to people registering last second. I could not remember what the
right move was so I just played h3, which turns out to be a waste of time
since black's plan is to play Bxf3 and ...dxe5 anyways.} (6. c4 Nb6 7. Nbd2 $16
{is probably the most testing line as it prevents black's main idea.}) (6. exd6
exd6 7. O-O $16 {also leads to a slightly better position as white's
development is easier}) 6... Bxf3 7. Bxf3 dxe5 8. dxe5 e6 $14 {Black's plan is
to simply attack e5 as much as possible. If white can activate their pieces,
white should be better.} 9. O-O Nd7 10. Qe2 Qc7 11. Re1 Bc5 12. Nd2 {[#] I
thought a long time on this move because I realized that my pawn on e5 is very
weak and I wasn't sure what to do after black tries to take it.} Nf4 $5 {
Black tries to attack my e5 pawn immediately but playing something simpler was
probably better.} (12... a5 $1 $11 {A very typical idea to:  1. gain space,
and  2. prevent white from expanding on the queenside.}) 13. Qe4 (13. Qc4 Ng6
14. Bh5 {is an interesting way to defend the e5 pawn as if} Ngxe5 15. Qxe6+ $18
) 13... Ng6 14. Nc4 Nb6 15. Be3 $1 {[#] This was my idea when I played 12. Nd2.
Without this move, black's position is very good.} Be7 $1 ({It is way too
dangerous to go pawn-grabbing with} 15... Nxc4 16. Bxc5 Ncxe5 17. Rad1 $16 {
Black's king is stuck in the center.}) 16. Nxb6 (16. Nd6+ {is an interesting
line which leads to a relatively forcing variation:} Bxd6 17. exd6 Qxd6 18.
Rad1 Qe7 {This is why I rejected 16.Nd6+, but apparently now} 19. b4 $1 $14 {
is a very strong move preventing black from castling.} Nd7 20. b5 O-O 21. bxc6
bxc6 $14) 16... axb6 17. Bd4 $14 {[#] Here I felt pretty good about my chances
as even though the position is only slightly better, I have more space which
allows me to have many ideas like expanding on the queenside and kingside.} O-O
({0-0 is not necessarily a bad move but} 17... b5 $1 {is strategically a
better move to prevent a4 creating a weakness on b6.}) 18. a4 $1 {Fixing the
weakness on b6.} Bc5 19. Bc3 Rfd8 (19... b5 {is a more energetic way to play
the position but leaves doubled pawns on the b-file} 20. b4 Ba7 21. axb5 cxb5
22. Bb2 $14) {[#]} 20. h4 $6 {Not a bad move, but I didn't see black could
activate their knight with ...Ne7-d5.} ({I should have started with} 20. b4 Bf8
21. h4 Ne7 22. h5 Nd5 23. Bd2 {with the point being that black does not have ..
.Nxb4 and ...Rd4 since the bishop is on f8.}) 20... Rd7 $2 {This move really
doesn't accomplish much. Black's idea was most likely to play ....Rad8 and ...
Bd4, but white is going to play b4 before that happens. Additionally, black
needs to play quickly and this move is just too slow and allows white to gain
a lot of tempi.} (20... Ne7 $1 {was more consistent with his past few moves.}
21. b4 Nd5 {This idea comes up on the next move as well but it was even better
here as the rooks protect each other. My opponent probably didn't like} 22. Bd2
$2 {but missed that he has} Nxb4 $1 $17 {since} 23. Bxb4 $2 Rd4 $19) (20... b5
{Again, black needs to find a way to play quickly or else his position will be
very passive.} 21. h5 (21. axb5 Qb6 $11 {White's pawns on b5, f2, and h4 are
all super loose}) 21... b4 $1 22. Bxb4 Bxb4 23. Qxb4 Nxe5 $14 {Slightly better
for white, but already black's pieces are very active.}) 21. h5 Nf8 (21... Ne7
22. b4 Nd5 23. bxc5 Nxc3 24. Qe3 Nxa4 25. cxb6 Nxb6 26. Rxa8+ {Now we see why
20... Rd7 was a bad move: the knight is forced to retreat.} Nxa8 27. h6 $16)
22. b4 Be7 23. Be2 {[#] Trying to reroute the bishop to d3 as it doesn't
really achieve much on the h1-a8 diagonal} c5 $2 {Black's position is already
very passive so my opponent tries to create some counterplay. The engine
doesn't like this move but I think practically, it is a good try.} ({The
computer recommends} 23... Rdd8 24. Bd3 $16 {to sit still; but this is very
hard to do as a human.}) 24. b5 c4 25. Qg4 $16 {My idea was to play Bf1,
Re4xc4 and black doesn't have a good way of defending the pawn.} Rc8 26. Bf1
Rd5 {Black's only chance is to activate the knight and attack white's pawns.}
27. Re4 Nd7 28. Rae1 Nc5 29. Rxc4 Qd8 {Black is threatening ...Nxa4.} 30. Bd4
Ra8 {[#]} 31. Be3 $2 {I thought black was getting counterplay so I tried to
play something concrete but this just gives him even more counterplay} ({
I should have just consolidated with} 31. Bb2 {and white is completely winning.
}) 31... Nd7 (31... Rxe5 $142 32. Bh6 Bf6 33. Bxg7 Rg5 34. Bxf6 Qxf6 35. Qh4 h6
$1 $14 {White should still be better but the position is more double-edged
than after what my opponent did in the game.}) 32. Bh6 $18 g6 33. hxg6 hxg6 34.
Bf4 $6 (34. Qg3 $1 {Hard to see why it is better than 34.Bf4, but the bishop
on h6 controls the f8 square which could be important.}) 34... Rc8 $5 {Very
strange. What is the point to take the rook off the a-file?} (34... Qf8 $142 $1
$16 {threatening ...Qg7 and it is hard to defend the e5-pawn.}) {[#]} 35. Re3
$2 {My opponent was low on time so I wanted to make things complicated.
However, even if I get a rook to the h-file it is still very hard to checkmate
black.} ({In hindsight, I should have spent more time to try and consolidate
my position with something like} 35. Bd3 {which also forces black to go
passive with} Nf8 36. Rce4 {and white is able to protect all their pawns.})
35... Rxc4 $4 (35... Rcc5 $1 $11 {makes it very hard for white to defend their
pawns.}) 36. Bxc4 Rd4 ({editor -} 36... Rc5 37. Bxe6 $1 $18 {wins, as in the
game. The problem with 35...Rxc4 was entirely tactical: giving White a tempo
for the skewer combo on e6.}) 37. Bxe6 $8 $18 Rxf4 38. Qxg6+ $8 Kf8 39. Qh6+ $8
Ke8 40. Bxd7+ Qxd7 41. Qxf4 $18 {[#]} Qd1+ 42. Kh2 Qxc2 43. e6 f5 44. Qb8+ Bd8
45. e7 Qc7+ 46. Qxc7 Bxc7+ 47. Kh3 Bd6 48. Kh4 Bxe7+ 49. Rxe7+ Kxe7 50. Kg5 Ke6
51. f4 {Not the best game by me. I played pretty well in the beginning but I
let my opponent have a lot of counterplay.} 1-0

[Event "Open de Gatineau"]
[Site "Gatineau"]
[Date "2024.05.25"]
[Round "1"]
[White "Saha, Ananda"]
[Black "Han, Johnathan"]
[Result "0-1"]
[WhiteElo "2259"]
[BlackElo "2407"]
[Annotator "Johnathan Han"]
[PlyCount "76"]
[EventDate "2024.05.??"]
[EventType "swiss"]
[EventCountry "CAN"]
[SourceTitle "Chess Canada '24.08"]
[Source "CFC/John Upper"]
[SourceDate "2024.08.27"]
[SourceVersion "1"]
[SourceVersionDate "2024.08.21"]
[SourceQuality "1"]
[BlackTeam "2407"]

{[%mdl 32768][%evp 0,76,25,13,38,3,19,19,33,36,28,22,22,22,25,17,43,37,36,25,
12,4,20,16,9,6,14,-5,-25,-13,12,7,19,-6,-3,-28,-18,-18,-30,-15,-30,-34,-27,-17,
-28,-102,-91,-121,-125,-286,-138,-125,-130,-169,-164,-185,-186,-302,-198,-192,
-190,-207,-217,-212,-179,-212,-166,-240,-248,-261,-271,-284,-366,-532,-577,
-564,-614,-626,-570]} 1. d4 Nf6 2. c4 e6 3. Nc3 Bb4 4. e3 O-O 5. Bd3 d5 6. Nf3
{[#]} b6 {I did not expect my opponent to play the Nimzo, as at the time, my
opponent was playing a lot of 1.Nf3; so I decided to go for something slower
than the typical isolated pawn positions after ...dxc4 and ...c5.} (6... c5 7.
O-O cxd4 8. exd4 dxc4 9. Bxc4 {is the main starting position that arises from
these Nimzo positions. Even though I knew the positions pretty well after ...
dxc4 and ...c5, I knew that if my opponent voluntarily played this line, he
would have something prepared.}) 7. O-O Bb7 8. cxd5 $1 {White takes on d5 as
soon as black puts the bishop on the long diagonal to prevent black from
taking on c4 and having a good light-squared bishop} exd5 9. a3 (9. Ne5 {
is white's other idea to go for f4 and some type of kingside attack.}) 9... Bd6
10. b4 {White's main idea is to play b5 and create a weakness on c7. Black
wants to find a way to prevent this for as long as possible to maneuver their
pieces.} a6 11. Qb3 {[#]} Qe7 {I was trying to delay white from playing a4-b5
for as long as possible but maybe it isn't such a big deal.} (11... Nbd7 12. a4
c6 {The computer thinks that this pawn structure is very solid, as if White
ever plays b5, black will play ...axb5 and ...c5. I rejected putting my pawn
on c6 since I thought if White could get a quick e3-e4, the pawn on c6 would
be very weak and my bishop on b7 very passive.}) 12. Rb1 Nbd7 (12... Re8 13. a4
Nc6 $5 {A very interesting idea that I had never seen before; the point being
that if} 14. b5 (14. Nxd5 Nxd5 15. Qxd5 Nxb4 16. Qxb7 Nxd3 $11) 14... Na5 {
and the knight is more active than on its typical d7 square.}) 13. a4 {[#]} Ne4
$6 {Too rushed, allowing White a very strong exchange sacrifice.} (13... c6 {
again is the computer's top line with the same idea of} 14. b5 axb5 15. axb5 c5
$13) 14. b5 ({I vaguely remembered a line with} 14. Nxd5 Bxd5 15. Qxd5 Nc3 16.
Qb3 Nxb1 17. Qxb1 $14 {but it didn't look too bad for me. White has the
advantage for sure, but it would be a complicated position where I thought I
had chances to win.}) 14... axb5 $11 {[#]} 15. Nxb5 ({White can also play} 15.
axb5 {and try to attack the weakness on c7 to take over the a-file with
Bb2-Ra1.} Ndf6) 15... Rfc8 (15... c5 {is also an option but my pawns seemed
kind of delicate on c5 and d5.}) 16. Nxd6 Qxd6 17. Ba3 {A slight inaccuracy.} (
{The bishop looks strong on a3 but Nd2, getting rid of my e4 knight was a
better plan for white.} 17. Nd2) 17... Qe6 18. Rfc1 {[#]} Ba6 {A very strong
move, eliminating white's bishop pair.} 19. Bxe4 (19. Bc2 {is white's only way
to try and prevent the bishop exchange but black has} Be2 {with the threat of .
..Bxf3 and ...Nd2.}) (19. Bb5 $5 {is an interesting try to get a pawn on b5,
but Black can simply play} c6 {forcing} 20. Bxa6 Rxa6 $15) 19... Qxe4 20. Nd2
Qe6 $15 {At this point, I started to think I had winning chances if I could
get a quick ...c5 in.} 21. Rc3 (21. Bb2 $1 {anticipating c5} c5 22. dxc5 bxc5
23. a5 $11) 21... c5 $15 {[#] Now that white's knight is on d2, even if white
plays dxc5 and I get hanging pawns, these pawns are not so weak anymore as I
can go for a quick c4 and ...Ne5 without worring about white's knight going to
d4.} 22. Nf3 $2 {A bad move but white's position is already very passive.} (22.
Qc2 $142 $1 cxd4 23. exd4 $15 {Black is slightly better due to having more
active pieces but this is better than the game continuation.}) 22... Be2 $1 $17
{A move I didn't even see at first but when I did see it, I played it
immediately as it is a very annoying move for white to deal with. My opponent
was also starting to get low on time so I was trying to put on time pressure
as well.} 23. Nd2 {A sad move to play but there is no way for white to defend
the knight anyways.} (23. Ne1 $1 {is better than Nd2, covering the d3 square.})
23... c4 $19 24. Rbc1 {[#]} Nf6 ({I didn't even see} 24... Nc5 $1 {as I was
blitzing out moves due to my opponent's time pressure, but it pretty much wins
immediately.} 25. Qc2 Nxa4 $19) 25. Qc2 (25. Qb2 $1 {White is going to lose
the a4 pawn anyway, so White should focus on blockading the queenside pawns as
with opposite coloured bishops I thought it could still be somewhat hard to
win.} Rxa4 26. Bb4) 25... Qd7 26. f3 Bd3 {[#] Before taking on a4, I knew that
my opponent wanted to complicate the position so I wanted to prevent white
from playing any e4 nonsense.} 27. Qd1 Re8 28. Kf2 Qe6 {Still completely
winning but I completely missed 29.Nf1, so in hindsight taking on a4 was a lot
simpler.} (28... Rxa4 $19 {with the idea of ...b5-b4.}) 29. Nf1 Qd7 30. Bb2
Rxa4 31. Ra1 {[#] Pretty much anything wins in this position, but since my
opponent was low on time, I didn't want him to get easy moves and blockade my
queenside pawns.} Rb4 $6 {Very strange move.} (31... Rxa1 32. Qxa1 b5 {This
was my plan at first but I didn't like how white could blockade with somethine
like} 33. Ba3 {with Qb2 coming next move. However, I could shift my pieces to
the kingside and Black is completely winning:} Qf5 $19 {editor - Black
threatens both ...Ne4+ and ...Ng4+, and defending with} 34. Ng3 {steps into a
crushing attack:} Ng4+ $1 35. Kg1 Qg5 $1 {and White has no good way to defend
against both ...Nxh2 and ...Nxe3.}) 32. Ba3 Rb5 {This was my plan behind 31...
Rb4 and my idea was to double on the a-file. I thought White was paralyzed but
I missed what White could do on the next move.} (32... Ra4 $142 {I should have
just accepted that ...Rb4 was a bad move and gone back.}) 33. g4 {White misses
an opportunity to try and get back into the game.} (33. Bc1 $142 $1 {and it's
hard to say what my rook is doing on b5. Black is still winning, but it's a
lot harder to find a plan now.}) 33... Ra8 $19 {After this move, White's
queenside is completely paralyzed and I will simply double on the a-file.} 34.
Ng3 Rba5 {[#]} 35. g5 ({White can't play} 35. Bb2 Rxa1 36. Bxa1 Ra2+ 37. Kg1 b5
$19) 35... Ne8 36. Qc1 Nc7 37. Bb2 Rxa1 38. Bxa1 Nb5 0-1